Performance of RRIC 100 at several rubber producing areas (Record no. 64766)

MARC details
000 -LEADER
fixed length control field 00449nam a2200145Ia 4500
100 ## - MAIN ENTRY--AUTHOR NAME
Personal name Azwar Rasidin
245 #0 - TITLE STATEMENT
Title Performance of RRIC 100 at several rubber producing areas
260 ## - PUBLICATION, DISTRIBUTION, ETC. (IMPRINT)
Name of publisher In: Prosidings of the Lokakarya Nasional Pemuliaan Tanaman Karet, Medan 1992; p281-286
700 ## - ADDED ENTRY--PERSONAL NAME
Personal name Alwi Nong
700 ## - ADDED ENTRY--PERSONAL NAME
Personal name Daslin Aidi
700 ## - ADDED ENTRY--PERSONAL NAME
Personal name Gintings Syafar
700 ## - ADDED ENTRY--PERSONAL NAME
Personal name Woelan Sekar
942 ## - ADDED ENTRY ELEMENTS (KOHA)
Koha item type Journals
Holdings
Withdrawn status Lost status Damaged status Not for loan Home library Current library Shelving location Date acquired Koha item type
      Journals RRII Library RRII Library Rubber general 17/12/2021 Journals